Foundations of geometry /
Guardado en:
| Autor Principal: | |
|---|---|
| Otros Autores: | , |
| Formato: | Libro |
| Idioma: | English German |
| Publicado: |
La Salle, Ill. :
Open Court,
1971.
|
| Edición: | 2nd ed. / |
| Series: | Open Court classics ;
P72 |
| Etiquetas: |
Agregar Etiqueta
Sin Etiquetas, Sea el primero en etiquetar este registro!
|
| LEADER | 00946nam a22002535a 4500 | ||
|---|---|---|---|
| 001 | MAT.inmabb002239 | ||
| 008 | 840927s1971####ilua##########001#0#eng#d | ||
| 005 | 20151117175311.0 | ||
| 245 | 1 | 0 | |a Foundations of geometry / |c David Hilbert. |
| 250 | |a 2nd ed. / |b translated by Leo Unger from the [tenth] German edition. | ||
| 260 | |a La Salle, Ill. : |b Open Court, |c 1971. | ||
| 300 | |a ix, 226 p. : |b il. ; |c 23 cm. | ||
| 440 | 0 | |a Open Court classics ; |v P72 | |
| 500 | |a Traducción de: Grundlagen der Geometrie. 10. Aufl. Stuttgart : Teubner, 1968. | ||
| 500 | |a "Tenth edition, revised and enlarged by Paul Bernays". | ||
| 500 | |a Incluye apéndices y suplementos. | ||
| 510 | 4 | |a MR, |c 43 #1019 | |
| 100 | 1 | |a Hilbert, David, |d 1862-1943. | |
| 240 | 1 | 0 | |a Grundlagen der Geometrie. |l Inglés |
| 700 | 1 | |a Bernays, Paul, |d 1888- |4 edt | |
| 700 | 1 | |a Unger, Leo. |4 trl | |
| 084 | |a 51-01 |2 msc2000 | ||
| 041 | 1 | |a eng |h ger | |
| 859 | |h 51 |i H641gi-2 |p A-3916 |b BIB. MATEMATICA | ||
